000 005310000a22001690004500
090 _aAR
_b02241
245 1 0 _aAdiciones a la avifauna colombiana, VII: Vireonidae - Fringillidae
650 1 4 _aAves
_992429
650 1 4 _aOrnitología
_993189
650 1 4 _aInventarios de aves
_96278
651 4 _pColombia
_992749
041 0 _aEspañol
700 1 _aOlivares, Antonio
_911486
100 1 _aMaría, Nicéforo
_995755
942 _cARTICULO
773 1 _tRevista de la Universidad Social Catolica de la Salle
_31202
_h4
_q69-113
_d1990?
_g1
999 _c11313
_d11313